| 000 | 01056nam a2200265 i 4500 | ||
|---|---|---|---|
| 001 | 68756 | ||
| 003 | ES-MaACL | ||
| 005 | 20250704071437.0 | ||
| 007 | t| | ||
| 008 | 940301s1844 sp |||| | spa d | ||
| 100 | 1 |
_aGil y Zárate, Antonio, _d1793-1861 _956804 _eaut |
|
| 245 | 1 | 0 |
_aManual de literatura / _cpor Antonio Gil de Zárate. |
| 260 |
_aMadrid : _bImp. y librería de D. Ignacio Boix, _c1844. |
||
| 300 |
_a4 v. ; _c15 cm. |
||
| 505 | 0 | _aPrimera parte: Principios generales de poética y retórica / Alfredo Adolfo Camus... et al. (298 p.). Segunda parte (3 v.): Resumen histórico de la literatura española (412, 525, 337 p.) | |
| 510 | 4 |
_aPalau, _c102159 |
|
| 650 | 4 |
_aLiteratura española- _xHistoria y crítica _914560 |
|
| 650 | 0 | 4 |
_aPoética. _916254 |
| 650 | 0 | 4 |
_aRetórica. _916882 |
| 700 | 1 |
_aCamús, Alfredo Adolfo, _d1797-1889 _934362 _eaut |
|
| 740 | 2 | _aPrincipios generales de poética y retórica | |
| 852 |
_aES-MaACL _cDEPO _dOlim:G-3819-22 _jR-2917-20 _x |
||
| 942 |
_2udc _cMONANT _n0 |
||
| 999 |
_c68756 _d68756 |
||